000 00507nam a2200181Ia 4500
999 _c29643
_d29643
003 OSt
005 20210108144335.0
008 190216s9999||||xx |||||||||||||| ||und||
020 _a9788187474203
040 _coclc
082 _a894.812301
_bNOU/R
100 _aNoushad
_97935
245 0 _aRathiyude Mandarangal /
_cNoushad
260 _bOlive Publications,
_c2010.
_aKozhikode:
300 _a452p
650 _aKathakal
942 _cBK
_2ddc
_h894.812301
_iNOU/R
_k894.812301
_mNOU/R